Normal view
MARC view
- الرياضة- بيولوجية
Entry Topical Term
001 - CONTROL NUMBER
- control field: 14368
003 - CONTROL NUMBER IDENTIFIER
- control field: JO-AjAnu
005 - DATE AND TIME OF LATEST TRANSACTION
- control field: 20230606072608.0
008 - FIXED-LENGTH DATA ELEMENTS
- fixed length control field: 230606|| aca||aabn | a|a d
040 ## - CATALOGING SOURCE
- Original cataloging agency: JO-AjAnu
- Transcribing agency: JO-AjAnu
150 ## - HEADING--TOPICAL TERM
- Topical term or geographic name entry element: الرياضة- بيولوجية
670 ## - SOURCE DATA FOUND
- Source citation: Work cat.: (JO-AjAnu)7382: عبد الفتاح، ابو العلا أحمد, author 14367, بيولوجيا الرياضة